[Event "Sarajevo Causevic Memorial Blitz op"]
[Site "Sarajevo"]
[Date "2025.05.25"]
[Round "11"]
[White "Ratkovic, Milovan"]
[Black "Culum, Sanjin"]
[Result "1/2-1/2"]
[WhiteElo "2444"]
[BlackElo "2450"]
[PlyCount "21"]
[EventDate "2025.05.25"]
[EventType "swiss (blitz)"]
[EventRounds "11"]
[EventCountry "BIH"]
[SourceTitle "CB22_2025"]
[SourceDate "2025.05.28"]
[SourceVersion "1"]
[SourceVersionDate "2025.05.28"]
[SourceQuality "1"]

1. d4 Nf6 2. c4 e6 3. Nc3 Bb4 4. e3 0-0 5. Bd3 d5 6. cxd5 exd5 7. Nge2 Re8 8. Bd2 b6 9. Rc1 a6 10. 0-0 Bb7 11. f3 1/2-1/2

[Event "Senta Fantastico IM Mix 02"]
[Site "Senta"]
[Date "2025.02.21"]
[Round "8"]
[White "Ratkovic, Milovan"]
[Black "Sredojevic, Ivan"]
[Result "1-0"]
[WhiteElo "2439"]
[BlackElo "2217"]
[PlyCount "107"]
[EventDate "2025.02.17"]
[EventType "tourn"]
[EventRounds "9"]
[EventCountry "SRB"]
[SourceTitle "CB10_2025"]
[SourceDate "2025.03.05"]
[SourceVersion "1"]
[SourceVersionDate "2025.03.05"]
[SourceQuality "1"]

1. d4 Nf6 2. Bg5 e6 3. e4 h6 4. Bxf6 Qxf6 5. c3 d5 6. Bd3 c5 7. Nf3 Nc6 8. 0-0 cxd4 9. cxd4 dxe4 10. Bxe4 Be7 11. Nc3 0-0 12. Qd3 Bd7 13. Rad1 Rfd8 14. Rfe1 Rac8 15. a3 Be8 16. Qe3 Bf8 17. Bb1 g6 18. h4 Bg7 19. d5 exd5 20. Nxd5 Qxb2 21. h5 g5 22. Qd3 a6 23. a4 Kf8 24. Rd2 Nb4 25. Qf5 Qxd2 26. Nxd2 Nxd5 27. Nf3 Ne7 28. Qh7 Nd5 29. Ne5 Nf6 30. Qf5 Rc7 31. Ba2 b5 32. a5 Re7 33. f4 gxf4 34. Qxf4 Kg8 35. Qh4 Rb8 36. Ng6 Rxe1+ 37. Qxe1 Kh7 38. Ne7 b4 39. Bb1+ Kh8 40. Nf5 Rb5 41. Nd6 Rb8 42. Qe7 b3 43. Qc7 Ra8 44. Qb7 Rd8 45. Nxe8 Rxe8 46. Qxb3 Re1+ 47. Kf2 Re7 48. Qb6 Re6 49. Qd8+ Ng8 50. Ba2 Rf6+ 51. Ke2 Rf5 52. g4 Rf6 53. Qe8 Kh7 54. Bxf7 1-0

[Event "Senta Fantastico GM Mix 02"]
[Site "Senta"]
[Date "2025.02.12"]
[Round "3"]
[White "Amartuvshin, Ganzorig"]
[Black "Ratkovic, Milovan"]
[Result "1-0"]
[WhiteElo "2391"]
[BlackElo "2439"]
[PlyCount "75"]
[EventDate "2025.02.11"]
[EventType "swiss"]
[EventRounds "9"]
[EventCountry "SRB"]
[SourceTitle "CB09_2025"]
[SourceDate "2025.02.27"]
[SourceVersion "1"]
[SourceVersionDate "2025.02.27"]
[SourceQuality "1"]

1. d4 d5 2. c4 dxc4 3. Nf3 a6 4. e3 Bg4 5. Bxc4 e6 6. h3 Bh5 7. Nc3 Nc6 8. Be2 Nf6 9. 0-0 Bd6 10. Nd2 Bxe2 11. Qxe2 0-0 12. f4 Nb4 13. Nb3 Nd7 14. a3 Nd5 15. e4 Nxc3 16. bxc3 c5 17. e5 Be7 18. f5 exf5 19. Rxf5 Qb6 20. Rb1 cxd4 21. cxd4 Rac8 22. Qd3 Rfd8 23. Be3 Qg6 24. Rbf1 Nb6 25. Nd2 Nd5 26. Ne4 Rc2 27. Bd2 Ra2 28. Qb3 Rxa3 29. Qxb7 Rd3 30. Bg5 Qe6 31. Rxf7 Qxf7 32. Rxf7 Kxf7 33. Nd6+ Ke6 34. Bxe7 Nxe7 35. Qb6 Rd7 36. Ne4+ Kf5 37. Nc5 Rd1+ 38. Kh2 1-0

[Event "Senta Fantastico GM Mix 02"]
[Site "Senta"]
[Date "2025.02.11"]
[Round "1"]
[White "Runic, Zoran"]
[Black "Ratkovic, Milovan"]
[Result "0-1"]
[WhiteElo "2262"]
[BlackElo "2439"]
[PlyCount "64"]
[EventDate "2025.02.11"]
[EventType "swiss"]
[EventRounds "9"]
[EventCountry "SRB"]
[SourceTitle "CB09_2025"]
[SourceDate "2025.02.27"]
[SourceVersion "1"]
[SourceVersionDate "2025.02.27"]
[SourceQuality "1"]

1. e4 c5 2. Nf3 d6 3. d4 cxd4 4. Nxd4 Nf6 5. Nc3 a6 6. Bc4 e6 7. Bb3 Nbd7 8. 0-0 Nc5 9. f4 Be7 10. e5 dxe5 11. fxe5 Nfd7 12. Qg4 Nxe5 13. Qxg7 Qxd4+ 14. Kh1 Rf8 15. Bf4 Nc6 16. Qg3 Bd7 17. Bh6 Qh4 18. Bxf8 Qxg3 19. Bxe7 Qe3 20. Bf6 Ne4 21. Nxe4 Qxe4 22. Rae1 Qb4 23. c3 Qb6 24. Re4 Ne7 25. Rh4 Ng8 26. Bd4 Qb5 27. c4 Qg5 28. Rxh7 Bc6 29. Rg7 Bxg2+ 30. Kg1 Qxg7 31. Bxg7 Bxf1 32. Kxf1 f6 0-1

[Event "Senta Fantastico op 03"]
[Site "Senta"]
[Date "2025.02.08"]
[Round "7.6"]
[White "Ratkovic, Milovan"]
[Black "Gusev, Mikhail"]
[Result "1-0"]
[WhiteElo "2439"]
[BlackElo "2273"]
[PlyCount "77"]
[EventDate "2025.02.05"]
[EventType "swiss"]
[EventRounds "9"]
[EventCountry "SRB"]
[SourceTitle "CB08_2025"]
[SourceDate "2025.02.19"]
[SourceVersion "1"]
[SourceVersionDate "2025.02.19"]
[SourceQuality "1"]

1. d4 Nf6 2. c4 c5 3. d5 b5 4. cxb5 a6 5. e3 axb5 6. Bxb5 g6 7. Nc3 Bg7 8. Nf3 0-0 9. 0-0 Ba6 10. Bxa6 Nxa6 11. e4 d6 12. Bf4 Qb6 13. Qd2 Nd7 14. Rab1 Rfb8 15. Rfe1 c4 16. e5 Ndc5 17. exd6 exd6 18. Bh6 Nd3 19. Bxg7 Kxg7 20. Re4 Rc8 21. Rh4 h5 22. g4 Qd8 23. gxh5 Qf6 24. Ng5 Nac5 25. hxg6 Rh8 26. Rg4 Ne5 27. Rg3 fxg6 28. f4 Ned3 29. Rf1 Rae8 30. f5 Qd4+ 31. Kh1 Qh4 32. f6+ Kf8 33. Rh3 Qxh3 34. Nxh3 Rxh3 35. Qg2 Nf4 36. Rxf4 Re1+ 37. Rf1 Rxf1+ 38. Qxf1 Rxc3 39. Qe1 1-0

[Event "Senta Fantastico op 03"]
[Site "Senta"]
[Date "2025.02.06"]
[Round "3.2"]
[White "Ratkovic, Milovan"]
[Black "Akhmedov, David"]
[Result "0-1"]
[WhiteElo "2439"]
[BlackElo "2368"]
[PlyCount "64"]
[EventDate "2025.02.05"]
[EventType "swiss"]
[EventRounds "9"]
[EventCountry "SRB"]
[SourceTitle "CB08_2025"]
[SourceDate "2025.02.19"]
[SourceVersion "1"]
[SourceVersionDate "2025.02.19"]
[SourceQuality "1"]

1. d4 Nf6 2. c4 e6 3. Nc3 Bb4 4. e3 0-0 5. a3 Bxc3+ 6. bxc3 d5 7. cxd5 exd5 8. Ne2 b6 9. Ng3 c5 10. Bb5 Ba6 11. a4 Bxb5 12. axb5 Qd7 13. Qd3 a5 14. 0-0 c4 15. Qb1 h5 16. f3 Re8 17. Ra2 a4 18. Re2 a3 19. e4 h4 20. Nf5 dxe4 21. fxe4 Rxe4 22. Ra2 Ra5 23. Qc2 Rxb5 24. Ne3 Qe6 25. Qf2 Rb1 26. Bxa3 Rxf1+ 27. Nxf1 Nd5 28. Bb2 Nd7 29. Ra8+ Kh7 30. Nd2 Re1+ 31. Nf1 Qe4 32. Qxf7 N7f6 0-1